| 000 -LEADER |
| fixed length control field |
00725nam a22001457a 4500 |
| 008 - FIXED-LENGTH DATA ELEMENTS--GENERAL INFORMATION |
| fixed length control field |
221026b ||||| |||| 00| 0 eng d |
| 100 ## - MAIN ENTRY--PERSONAL NAME |
| Personal name |
Purkayastha, B.S. |
| 245 ## - TITLE STATEMENT |
| Title |
Boosting rural income |
| 260 ## - PUBLICATION, DISTRIBUTION, ETC. (IMPRINT) |
| Place of publication, distribution, etc |
Kurushetra |
| 300 ## - PHYSICAL DESCRIPTION |
| Extent |
70(10), Aug, 2022: p.17-22 |
| 520 ## - SUMMARY, ETC. |
| Summary, etc |
The role of MSMEs is critical in rural industralisation MSMEs today provide employment to more than 111 million workers with around 63-4 million units scores the country. We need to identify areas for developing rural hubs bossed on rescores, markets and infrastructure, where MSMEs can flourish and ensure employment and income to rural youth. – Reproduced
|
| 773 ## - HOST ITEM ENTRY |
| Main entry heading |
Kurushetra |
| 906 ## - LOCAL DATA ELEMENT F, LDF (RLIN) |
| Subject DIP |
RURAL DEVELOPMENT |
| 942 ## - ADDED ENTRY ELEMENTS (KOHA) |
| Item type |
Articles |